Central Library OPAC University of Rajshahi

Agriculture in an underdeveloped region : (Record no. 55304)

MARC details
000 -LEADER
fixed length control field 00765nam a2200241 a 4500
001 - CONTROL NUMBER
control field 55304
003 - CONTROL NUMBER IDENTIFIER
rucl marc code BD-RjUL
005 - DATE AND TIME OF LATEST TRANSACTION
control field 20211209080239.0
008 - FIXED-LENGTH DATA ELEMENTS--GENERAL INFORMATION
fixed length control field 161116s1980 ii p|||| |||| 00| 0 eng d
035 ## - SYSTEM CONTROL NUMBER
System control number (BD-RjUL) 55426
040 ## - CATALOGING SOURCE
Original cataloging agency BD-RjUL
Language of cataloging eng
Transcribing agency BD-RjUL
Modifying agency BD-RjUL
041 ## - LANGUAGE CODE
Language code of text/sound track or separate title eng
082 ## - DEWEY DECIMAL CLASSIFICATION NUMBER
Edition number 23
Classification number 630.954792
Author mark and year SHA 1980
100 1# - MAIN ENTRY--PERSONAL NAME
Personal name Shinde, Suresh D.
Fuller form of name (Suresh Dasharath),
Dates associated with a name 1935-
9 (RLIN) 164774
245 10 - TITLE STATEMENT
Title Agriculture in an underdeveloped region :
Remainder of title a geographical survey /
Statement of responsibility, etc. Suresh D. Shinde
250 ## - EDITION STATEMENT
Edition statement 1st. ed.
260 ## - PUBLICATION, DISTRIBUTION, ETC. (IMPRINT)
Place of publication, distribution, etc. Bombay :
Name of publisher, distributor, etc. Himalaya Pub. House,
Date of publication, distribution, etc. 1980
300 ## - PHYSICAL DESCRIPTION
Pagination xv, 143 p. :
Illustrations ill. ;
Size 25 cm.
500 ## - GENERAL NOTE
General note Includes index
650 #0 - SUBJECT ADDED ENTRY--TOPICAL TERM
Topical term or geographic name as entry element Agricultural geography
Geographic subdivision India
-- Konkan
9 (RLIN) 164775
651 #0 - SUBJECT ADDED ENTRY--GEOGRAPHIC NAME
Geographic name Konkan (India)
9 (RLIN) 164776
942 ## - ADDED ENTRY ELEMENTS (KOHA)
Source of classification or shelving scheme Dewey Decimal Classification
Koha item type Books
Holdings
Lost status Source of classification or shelving scheme Damaged status Not for loan Collection code Permanent Location Current Location Shelving location Date acquired Source of acquisition Cost, normal purchase price Total Checkouts Full call number Date last seen Copy number Koha item type
  Dewey Decimal Classification     Non-fiction Central Library, University of Rajshahi Central Library, University of Rajshahi   20/01/1985 Asiatic book agency calcatta, Inra Talip 60.00   630.954792 SHA 1980 16/11/2016 C-2 Books
  Dewey Decimal Classification   Not For Loan Non-fiction Central Library, University of Rajshahi Central Library, University of Rajshahi Reading Room 20/01/1985 Tulip 60.00   630.954792 SHA 1980 08/04/2017 C-1 Books
  Dewey Decimal Classification     Non-fiction Central Library, University of Rajshahi Central Library, University of Rajshahi   20/01/1958 Tulip 60.00   630.954792 SHA 1980 01/06/2017 C-3 Books
  Dewey Decimal Classification     Non-fiction Central Library, University of Rajshahi Central Library, University of Rajshahi   20/01/1985 Tulip Interprise 60.00   630.954792 SHA 1980 20/02/2019 C-4 Books